Entry Personal Name
Number of records used in: 1
001 - CONTROL NUMBER
003 - CONTROL NUMBER IDENTIFIER
005 - DATE AND TIME OF LATEST TRANSACTION
- control field:
20230819144041.0
008 - FIXED-LENGTH DATA ELEMENTS
- fixed length control field:
230819|| aca||aabn | a|a d
040 ## - CATALOGING SOURCE
- Original cataloging agency:
JRU
- Transcribing agency:
JRU
100 ## - HEADING--PERSONAL NAME
- Personal name:
BLOM, ASHLEY AND OTHERS
670 ## - SOURCE DATA FOUND
- Source citation:
Work cat.: (JRU)8352: BLOM, ASHLEY AND OTHERS, APLEY AND SOLOMON'S SYSTEM OF ORTHOPAEDICS AND TRAUMA, 2018